Journey to Self-realization (Record no. 11212)

MARC details
000 -LEADER
fixed length control field 00385nam a22001457a 4500
003 - CONTROL NUMBER IDENTIFIER
control field OSt
008 - FIXED-LENGTH DATA ELEMENTS--GENERAL INFORMATION
fixed length control field 220511b ||||| |||| 00| 0 eng d
020 ## - INTERNATIONAL STANDARD BOOK NUMBER
International Standard Book Number 81-89535-064-4
082 ## - DEWEY DECIMAL CLASSIFICATION NUMBER
Classification number 294.555
Item number YOJ
100 ## - MAIN ENTRY--PERSONAL NAME
Personal name YOGANANDA,Sri Sri Paramahansa
245 ## - TITLE STATEMENT
Title Journey to Self-realization
260 ## - PUBLICATION, DISTRIBUTION, ETC. (IMPRINT)
Place of publication, distribution, etc New Delhi
Name of publisher, distributor, etc Yogoda Satsanga Society of indian
Date of publication, distribution, etc 2015
300 ## - PHYSICAL DESCRIPTION
Extent 439
942 ## - ADDED ENTRY ELEMENTS (KOHA)
Source of classification or shelving scheme Dewey Decimal Classification
Koha item type Text Books
Holdings
Withdrawn status Lost status Source of classification or shelving scheme Damaged status Not for loan Collection code Home library Current library Date acquired Source of acquisition Currency Cost, normal purchase price Bill Number Total Checkouts Full call number Acc. no. / Barcode Date last seen Actual Cost, discounted price Bill Date Koha item type Public note
    Dewey Decimal Classification     GENERAL PIET C-LIBRARY PIET C-LIBRARY 22/03/2022 Shri Radha Indian Rup 275.00 1089   294.555 YOJ 33578 11/05/2022 234.00 08/03/2022 Text Books Motivational

Design & Developed by: PIET Central Library
R70 Miles Stone Pattikalyana Samalkha Panipat 132102
mail ID :- [email protected], Phone No:- 0180-2569700 Ex.216